000 01199nam a2200241Ii 4500
008 221202s xx 000 0 und d
100 1 _aTrinidad Galván, Ruth,
_eauthor
245 0 _aWomen Who Stay Behind
246 _aPedagogies of Survival in Rural Transmigrant Mexico
264 _bUniversity of Arizona Press
_c2015
300 _a1 online resource
336 _atext
_btxt
_2rdacontent
337 _acomputer
_bc
_2rdamedia
338 _aonline resource
_bcr
_2rdacarrier
520 _aWomen Who Stay Behind examines the social, educational, and cultural resources rural Mexican women employ to creatively survive the conditions created by the migration of loved ones. Using narrative, research, and theory, Ruth Trinidad Galván presents a hopeful picture of what is traditionally viewed as the abject circumstances of poor and working-class people in Mexico who are forced to migrate to survive.
653 _aAnthropology
653 _aGender Studies
653 _aMigration
653 _aRural Mexico
653 _aWomen'S Studies
856 _uhttps://library.oapen.org/bitstream/20.500.12657/25297/1/1004801.pdfhttp://library.oapen.org/handle/20.500.12657/25297
942 _cE-BOOK
999 _c67571
_d67571